Торговля опционами. Спекулятивные стратегии, хеджирование, управление рисками: пер. с англ.

書誌詳細
第一著者: Томсетт М. С. Майкл С.
言語:ロシア語
出版事項: Москва, Альпина, 2001
主題:
フォーマット: 図書
KOHA link:https://koha.lib.tpu.ru/cgi-bin/koha/opac-detail.pl?biblionumber=27555

MARC

LEADER 00000nam0a2200000 4500
001 27555
005 20231030202222.0
010 |a 50896840160 
035 |a (RuTPU)RU\TPU\book\27806 
035 |a BOOK00027881 
090 |a 27555 
100 |a 20011209d2001 m y0rusy50 ca 
101 1 |a rus 
102 |a RU 
105 |a y j 001zy 
200 1 |a Торговля опционами. Спекулятивные стратегии, хеджирование, управление рисками  |e пер. с англ.  |f М. С. Томсетт 
210 |a Москва  |c Альпина  |d 2001 
215 |a 350 с. 
320 |a Глоссарий: с. 331-349. 
610 1 |a экономика 
610 1 |a финансы 
610 1 |a банки 
610 1 |a ценные бумаги 
610 1 |a опционы 
610 1 |a торговля 
610 1 |a хеджирование 
610 1 |a риски 
610 1 |a управление 
686 |a У826.21  |v LBC/SL-A  |2 rubbk 
700 1 |a Томсетт  |b М. С.  |g Майкл С. 
801 0 |a RU  |b 63413507  |c 20011209  |g PSBO 
801 2 |a RU  |b 63413507  |c 20120626  |g PSBO 
942 |c BK